Matemática 2; solucionario /
Guardado en:
| Autor Principal: | |
|---|---|
| Formato: | Libro |
| Publicado: |
Madrid :
Santillana,
1981
|
| Materias: | |
| Etiquetas: |
Agregar Etiqueta
Sin Etiquetas, Sea el primero en etiquetar este registro!
|
| LEADER | 00931nam a22001935a 4500 | ||
|---|---|---|---|
| 001 | CEM.cems000520 | ||
| 005 | 20060210000000.0 | ||
| 008 | 130507s1981##################000#0#####d | ||
| 003 | CEMS | ||
| 082 | 0 | 4 | |a 510 |
| 100 | 1 | |a Anzola, Máximo | |
| 245 | 1 | 0 | |a Matemática 2; solucionario / |
| 260 | |a Madrid : |b Santillana, |c 1981 | ||
| 300 | |a 92 p. | ||
| 505 | 0 | |a Los numeros: un largo recorrido desde uno hasta cero; El modelico pensamiento de los antiguos griegos; Un alfabeto para descifrar lo desconocido; Un enlace feliz entre curvas y cantidades; El dominio de los misterios del movimiento; El calculo de las posibilidades en un mundo inseguro; Un paso logico en el abrupto y azulado horizonte; Las matematicas en la actualidad | |
| 653 | |a Matematica | ||
| 653 | |a Matematica 5to. aÑo-ejercicios | ||
| 859 | |a CEMS |b BIB. CEMS - 11 de abril |h 510 |i An98-1/II |p 9224.81 |t Ej.1 | ||
| 859 | |a CEMS |b BIB. CEMS - 11 de abril |h 510 |i An98-1/II |p 9418.81 |t Ej.2 | ||
